Statistics for Countries with all the vowels in its name

Click here to take the quiz!

General Stats

  • This quiz has been taken 56 times
  • The average score is 3 of 5

Answer Stats

Answer% Correct
United States of America
79%
Democratic Republic of Congo
68%
Dominican Republic
46%
Equatorial guinea
46%
Mozambique
39%

Score Distribution

Percentile by Number Answered

Percent of People with Each Score

Your Score History

You have not taken this quiz